Portable Voltaire (Record no. 33070)

MARC details
000 -LEADER
fixed length control field 00265nam a2200109Ia 4500
082 ## - DEWEY DECIMAL CLASSIFICATION NUMBER
Classification number 001
Item number RED
245 #0 - TITLE STATEMENT
Title Portable Voltaire
260 ## - PUBLICATION, DISTRIBUTION, ETC. (IMPRINT)
Place of publication New York
Name of publisher Viking Penguin
Year of publication 1977
700 ## - ADDED ENTRY--PERSONAL NAME
Personal name Redman, Ben Ray
942 ## - ADDED ENTRY ELEMENTS (KOHA)
Koha item type Books
Holdings
Withdrawn status Lost status Damaged status Not for loan Home library Current library Date acquired Cost, normal purchase price Full call number Accession Number Koha item type
        RRII Library RRII Library 16/12/2021 1.95 001 RED 13571 Books